Resum de deliberacions des de la constitució fins el dia 5 d'octubre del 1934 / Parlament de Catalunya
Descripción Física:
147 p. ; 30 cm
MARC
| LEADER | 00000nam a2200000Ia 4500 | ||
|---|---|---|---|
| 001 | 14505 | ||
| 008 | 160829s1936 xx 000 0 cat d | ||
| 080 | |a M-4-245 | ||
| 110 | 1 | |a Catalunya. |b Parlament |9 11492 | |
| 245 | |a Resum de deliberacions des de la constitució fins el dia 5 d'octubre del 1934 / Parlament de Catalunya | ||
| 260 | |a Barcelona : |b el Parlament, |c 1936 | ||
| 300 | |a 147 p. ; |c 30 cm | ||
| 610 | 1 | 0 | |a Catalunya. |b Parlament |9 11492 |
| 651 | 0 | |a Catalunya |x Política i govern |9 53682 | |
| 901 | |a Arxiu | ||
| 942 | |n 1 | ||
| 952 | |0 0 |1 0 |4 0 |6 M4245 |7 1 |9 41699 |a Arxiu |b Arxiu |d 2016-12-01 |l 0 |o M-4-245 |p 14505 |r 2016-12-01 00:00:00 |w 2016-12-01 |y ARXIU | ||
| 999 | |c 43589 |d 43589 | ||